000
00252nam a22001217a 4500
020
_a
9789696172222
082
_a
891.439
_b
HAN
245
_a
Haniya/
_b
ہانیہ
260
_b
Junior book club,
300
_a
16p. ;
563
_a
PB
942
_2
ddc
_c
BK
999
_c
614913
_d
614913